GROWING UP AND AWAY NARRATIVES OF INDIAN (Record no. 19067)

MARC details
000 -LEADER
fixed length control field 00388nam a2200133Ia 4500
008 - FIXED-LENGTH DATA ELEMENTS--GENERAL INFORMATION
fixed length control field 240624s9999 xx 000 0 und d
041 ## - LANGUAGE CODE
Language code of text/sound track or separate title eng
082 ## - DEWEY DECIMAL CLASSIFICATION NUMBER
Classification number 305.230869140954 BAL
100 ## - MAIN ENTRY--PERSONAL NAME
Personal name BALAKRISHNAN VIJAYALAKSHMI
245 ## - TITLE STATEMENT
Title GROWING UP AND AWAY NARRATIVES OF INDIAN
260 ## - PUBLICATION, DISTRIBUTION, ETC.
Date of publication, distribution, etc. 2011
Place of publication, distribution, etc. New Delhi
Name of publisher, distributor, etc. Oxford University Press
300 ## - PHYSICAL DESCRIPTION
Extent xii, : 240 : p. : cm. ; 22
365 ## - TRADE PRICE
Currency code RS
Price amount 32
Holdings
Withdrawn status Lost status Damaged status Not for loan Home library Current library Shelving location Date acquired Source of acquisition Cost, normal purchase price Full call number Barcode Date last seen Copy number Price effective from Koha item type
        IMTN IMTN Rack 6-B 05/16/2012 AP 695.00 305.230869140954 BAL 19067 06/24/2024 1 06/24/2024 Books
Designed & Maintained by: LRC IMT Nagpur Contact: lrc@imtnag.ac.in© 2024. All Rights Reserved.